[Event "84th ESP-ch 2019"]
[Site "Marbella"]
[Date "2019.11.17"]
[Round "2.29"]
[White "Luque Saiz, Andres"]
[Black "Garcia Ramos, Daniel"]
[Result "1/2-1/2"]
[WhiteElo "2140"]
[BlackElo "2350"]
[Annotator "TA"]
[PlyCount "73"]
[EventDate "2019.11.16"]
[EventType "swiss"]
[EventCountry "ESP"]
[SourceTitle "playchess.com"]
[Source "ChessBase"]
[SourceQuality "1"]

{[%evp 15,73,35,59,28,21,17,29,23,58,31,188,168,181,183,167,176,189,136,146,127,133,137,111,43,51,-11,76,25,40,-130,-125,-130,-130,-123,-118,-154,-154,-150,-154,-151,-162,-152,-44,-82,0,-14,-7,-18,-19,-545,-532,-496,0,0,0,0,0,0,0,0]} 1. e4 c6 2. d4 d5 3. Nd2 dxe4 4. Nxe4 Nf6 5. Nxf6+ exf6 6. c3 Bd6 7. Bd3 O-O 8. Qc2 g6 9. h4 {B15: Caro-Kann: 3 Nc3: 3...g6 and 3...dxe4 4 Nxe4 Nf6 5 Nxf6+ exf6} (9. Ne2 Re8 10. O-O Qc7 11. h3 Nd7 12. Bd2 Nf8 13. c4 Ne6 14. Rae1 Ng7 15. Nc3 Bf5 16. Bxf5 Nxf5 17. Ne4 Be7 {½-½ (68) Krnan,T (2430)-Pacher,M (2457) Tatranske Zruby 2018}) 9... h5 10. Ne2 {White wants to play Bh6.} Kg7 $146 ({Predecessor:} 10... f5 11. Bd2 Be6 12. c4 Na6 13. a3 Nc7 14. Bc3 b5 15. b3 a5 16. Qd2 b4 17. axb4 axb4 {1-0 (43) Dolzhikova,K (2303)-Zhelesny,S (2194) Moscow 2011}) 11. Be3 {White has an edge.} Qc7 12. O-O-O c5 $2 (12... Na6 $14) 13. dxc5 $18 Bxc5 14. Bxc5 Qxc5 15. Nf4 $1 {[%cal Rd3g6] Strongly threatening Bxg6!} f5 16. Rh3 ({Better is} 16. Qd2 $18 {aiming for Nxh5+!} Rh8 17. b4) 16... Rh8 17. Rg3 Nc6 18. Qe2 Qe5 19. Qf3 (19. Qd2 $16) 19... Be6 20. Rg5 ({White should try} 20. Nxe6+ $14 fxe6 21. Qe3) 20... Rh6 (20... Rad8 $11) 21. Bc2 (21. Nxe6+ $16 fxe6 22. Ba6) 21... Rd8 $11 22. Bb3 $2 (22. Rxd8 $14 {stays ahead.} Nxd8 23. b3) 22... Bxb3 $17 23. axb3 Rxd1+ 24. Kxd1 Rh8 25. Nxh5+ Kf8 ({Worse is} 25... Rxh5 26. Qxh5 Qe4 27. Kd2 $16) 26. Nf4 Rxh4 27. Nd3 Qb5 $1 {[%cal Rb5b3]} 28. Kc2 a5 (28... Ne5 $1 $17 {[%cal Re5f3]} 29. Qd1 Ng4) 29. Qe3 {[#]} b6 (29... Kg7 $1 $17 {Threatens to win with ...a4.} 30. Qc5 Qxc5 31. Nxc5 Ne5) 30. c4 Qa6 {Hoping for ...Nd4+.} 31. Qg3 Nd4+ 32. Kb1 $2 {[%mdl 8192]} (32. Kd1 $1 $11 Rh1+ 33. Kd2) 32... Rh1+ $19 33. Ka2 {[#]} Nc2 $2 (33... b5 $1 $19 34. Qb8+ Kg7) 34. Qd6+ $11 {The position is equal.} Kg7 {[%csl Gc2][%cal Rh1a1]} 35. Rxg6+ fxg6 {[%csl Gc2][%cal Rh1a1]} (35... Kh7 $5 36. Ne1 $8 Nb4+ 37. Ka3 fxg6 38. Qe7+ Kg8 39. Qe8+ Kh7 40. Qe7+ Kh8 41. Qf8+ Kh7 42. Qe7+ $11) 36. Qe7+ Kg8 {[%csl Gc2][%cal Rh1a1]} 37. Qe8+ {Accuracy: White = 26%, Black = 51%.} 1/2-1/2

[Event "84th ESP-ch 2019"]
[Site "Marbella"]
[Date "2019.11.17"]
[Round "2.30"]
[White "Romero Calduch, Sergio"]
[Black "Pazos Porta, Antonio"]
[Result "0-1"]
[WhiteElo "2130"]
[BlackElo "2345"]
[Annotator "TA"]
[PlyCount "52"]
[EventDate "2019.11.16"]
[EventType "swiss"]
[EventCountry "ESP"]
[SourceTitle "playchess.com"]
[Source "ChessBase"]
[SourceQuality "1"]

{[%evp 9,52,23,27,12,26,31,25,24,13,0,20,16,13,0,33,26,26,29,16,18,48,50,52,16,13,-80,-77,-66,-81,-128,-122,-163,-158,-158,-160,-483,-469,-916,-909,-1397,-1418,-1315,-1229,-29998,-29999]} 1. d4 Nf6 2. c4 d6 3. Nc3 e5 4. d5 Bf5 5. Nf3 Be7 6. Nd2 {A53: Old Indian Defence without Nf3} O-O 7. e4 Bg6 8. Be2 {White has an edge.} Nbd7 $146 ({Predecessor:} 8... Nfd7 9. O-O a5 10. Re1 Na6 11. Nf1 Nac5 12. Ng3 Bg5 13. Bg4 {0-1 (72) Livaja,M (2237)-Nikolov,M (2522) Plovdiv 2014}) 9. h4 {[#] And now h5 would win.} h5 10. Bf3 c6 11. Nf1 cxd5 12. cxd5 b5 {[%cal Bb7b5,Bb5b4][%mdl 32]} 13. Ng3 $1 b4 14. Na4 $1 Qc7 15. Bg5 {[%cal Rg3h5]} Rfc8 16. Nxh5 Nxh5 17. Bxe7 (17. Bxh5 $11 Bxh5 18. Qxh5) 17... Ndf6 $36 {[%mdl 2048] White is under strong pressure.} 18. Bxf6 Nxf6 19. h5 Bxe4 20. h6 {aiming for Bxe4.} Qc2 21. hxg7 Kxg7 22. Bxe4 $2 (22. Qxc2 $17 Rxc2 23. Bd1) 22... Qxe4+ $19 {[%mdl 64] [#] Double Attack} (22... Nxe4 23. Qg4+ Kf8 24. O-O $15) 23. Kf1 (23. Qe2 $142 Qxg2 24. Rh4) 23... Rh8 24. Rxh8 Rxh8 {[%cal Rh8h1]} ({Less strong is} 24... Kxh8 25. Qf3 $17) 25. Kg1 Qf4 26. f3 Qe3+ 0-1

[Event "84th ESP-ch 2019"]
[Site "Marbella"]
[Date "2019.11.17"]
[Round "2.31"]
[White "Perez Garcia, Alejandro"]
[Black "Pindado Campos, Raul"]
[Result "1-0"]
[WhiteElo "2343"]
[BlackElo "2100"]
[Annotator "TA"]
[PlyCount "77"]
[EventDate "2019.11.16"]
[EventType "swiss"]
[EventCountry "ESP"]
[SourceTitle "playchess.com"]
[Source "ChessBase"]
[SourceQuality "1"]

{[%evp 22,77,53,58,39,8,25,14,39,32,28,19,17,11,0,0,0,0,0,0,51,52,42,38,81,77,80,78,83,81,152,150,153,153,214,171,180,169,246,246,235,235,235,235,273,262,233,183,233,233,227,227,227,169,158,157,29974,29977]} 1. Nf3 Nf6 2. c4 e6 3. g3 d5 4. Bg2 Be7 5. O-O O-O 6. b3 c5 7. Bb2 Nc6 8. e3 b6 9. Nc3 Bb7 10. cxd5 exd5 11. d4 Re8 12. Rc1 Rc8 {A14: English Opening: 1...e6 with b3 by White} (12... Bf8 13. Ne2 Ne4 14. Nf4 Ba6 15. Re1 c4 16. bxc4 Bxc4 17. a3 Rc8 18. Ne5 Nxe5 19. dxe5 b5 20. Qg4 {1-0 (35) Vitiugov,N (2720)-Frolyanov,D (2610) Olginka 2011}) 13. Bh3 Rb8 14. Re1 Ne4 $146 {The position is equal.} ({Predecessor:} 14... Bf8 15. Bg2 Qd7 16. dxc5 Bxc5 17. Na4 Bb4 18. Re2 Ne4 19. Rec2 Rbc8 20. Nc3 Bxc3 21. Bxc3 Nxc3 22. Rxc3 {½-½ (53) Bracker,F (2392)-Steczek,M (2382) Germany 2017}) 15. dxc5 Nxc3 16. Rxc3 Bf6 17. Rc2 {Hoping for Bxf6.} (17. Qd2 {feels hotter.} Bxc3 18. Qxc3 f6 19. Rc1 Bc8 20. Bg2) 17... Bxb2 18. Rxb2 bxc5 19. Rd2 d4 20. Bg2 {[%cal Re3d4]} h6 ({Better is} 20... Qf6 $11) 21. exd4 $14 Rxe1+ 22. Qxe1 Nxd4 23. Nxd4 cxd4 {[#]} 24. Qe5 $1 Bxg2 25. Kxg2 $16 {[%mdl 4096] Endgame KQR-KQR} ({Wrong is} 25. Rxd4 $2 Bf3 $19) 25... Rc8 ({Black should play} 25... Rb4) 26. Rxd4 Qb6 27. Rd7 a5 (27... Qc6+ $16 {keeps fighting.} 28. Qd5 Qxd5+ 29. Rxd5 Rc7) 28. Qd5 Rf8 29. Rb7 Qa6 (29... Qd8 $142 30. Rd7 Qa8) 30. Rb5 $18 Ra8 31. a3 g6 32. h4 h5 33. Rb7 Rf8 34. Rc7 {aiming for Rc6.} Kg7 35. Rc6 Qa7 36. Rc5 Ra8 37. b4 axb4 38. axb4 {And now Ra5! would win.} Kg8 $2 {[#]} (38... Re8 $16 39. b5 Re6 40. Qd4+ Rf6) 39. Ra5 $1 {Accuracy: White = 66%, Black = 47%.} 1-0

[Event "84th ESP-ch 2019"]
[Site "Marbella"]
[Date "2019.11.17"]
[Round "2.32"]
[White "Arroyo Rodriguez, Jesus"]
[Black "Gomez Dieguez, David"]
[Result "1-0"]
[WhiteElo "2112"]
[BlackElo "2336"]
[Annotator "TA"]
[PlyCount "89"]
[EventDate "2019.11.16"]
[EventType "swiss"]
[EventCountry "ESP"]
[SourceTitle "playchess.com"]
[Source "ChessBase"]
[SourceQuality "1"]

{[%evp 9,89,-8,4,-5,12,-8,26,20,14,0,0,-7,11,0,30,15,18,8,7,0,4,0,15,2,31,25,13,14,18,18,57,49,64,47,59,58,61,42,94,87,109,108,359,362,444,446,441,433,625,428,475,470,475,475,466,418,525,517,664,424,644,661,661,644,671,519,628,600,704,697,1185,1160,1075,1026,962,679,29976,29977,29980,29980,29993,29992]} 1. e4 e5 2. Bc4 Nf6 3. d3 Nc6 4. Nc3 Na5 5. Qf3 Nxc4 (5... Be7 {seems wilder.} 6. Nge2 c6 7. a3 Nxc4 8. dxc4 O-O) 6. dxc4 {C28: Vienna Game: 2...Nf6 3 Bc4 Nc6} c6 (6... Bb4 7. Nge2 d6 8. h3 Be6 9. b3 Nd7 10. O-O Bxc3 11. Nxc3 O-O 12. Qg3 f5 13. Bg5 {½-½ (33) Caruana,F (2822)-Aronian,L (2767) chess.com INT 2018}) 7. Nge2 Be7 8. Ng3 $146 {White has an edge.} ({Predecessor:} 8. O-O d6 9. h3 Be6 10. b3 h6 11. Rd1 Nh7 12. a4 Qc8 13. Rd3 Kd8 14. c5 Kc7 15. cxd6+ Bxd6 16. Nb5+ {1-0 (16) Schmieder,S (1847)-Baumgarten,F (1694) Wiesbaden 2019}) 8... d6 9. Nf5 Bxf5 $1 10. Qxf5 Qb6 11. b3 Nd7 12. O-O Nf8 13. Be3 Qa5 14. Ne2 Ne6 15. a4 O-O 16. Rad1 Qc7 17. Rd3 g6 18. Qg4 Ng7 19. Bh6 f5 20. exf5 Rxf5 21. Ng3 $36 {[%mdl 2048] Black is under pressure.} Rf7 22. Bxg7 Kxg7 23. Ne4 Rf4 (23... d5 $1 $14 24. cxd5 cxd5 25. Rxd5 Qxc2 26. Rxe5 Qxb3) 24. Qe2 $16 Rd8 25. Rfd1 Rd7 $2 {[%mdl 8192] [#]} (25... a6 $16) 26. Nc5 $1 $18 {[%mdl 576] And now Ne6+ would win. Pin} Kf7 (26... dxc5 27. Rxd7) 27. Nxd7 Qxd7 {[#]} 28. Qxe5 $1 {[%mdl 576] Pin} Rf5 (28... Rf6 $142 29. Re3 a6) (28... dxe5 29. Rxd7) 29. Qe2 Bf8 30. Rf3 Kg7 31. Re1 Re5 32. Re3 Rxe3 33. Qxe3 {[%mdl 4096] Endgame KQR-KQB} Qf5 34. Qd3 Qg5 (34... Qxd3 $142 35. cxd3 Kf7) 35. g3 Qf6 36. Kg2 Kg8 37. Qf3 Qd8 38. h4 Bg7 39. Qg4 c5 40. Qe6+ Kf8 41. Re3 {Threatens to win with Rf3+.} Bf6 42. Rd3 Kg7 43. Rxd6 {White mates.} Qf8 44. Rd7+ {[%mdl 64] Double Attack} Kh6 {[#]} 45. g4 {Played: Rd7-f7} 1-0

[Event "84th ESP-ch 2019"]
[Site "Marbella"]
[Date "2019.11.17"]
[Round "2.33"]
[White "Gomez Serrano, Jose Manuel"]
[Black "Mingarro Carceller, Sergi"]
[Result "0-1"]
[WhiteElo "1910"]
[BlackElo "2329"]
[Annotator "TA"]
[PlyCount "64"]
[EventDate "2019.11.16"]
[EventType "swiss"]
[EventCountry "ESP"]
[SourceTitle "playchess.com"]
[Source "ChessBase"]
[SourceQuality "1"]

{[%evp 9,68,0,-12,0,-5,-15,-7,0,-12,-77,-74,-200,-98,-100,-98,-108,-68,-64,-67,-66,-59,-110,-52,-52,-63,-64,-81,-112,-65,-76,-52,-91,-7,-72,-24,-26,0,-75,0,0,62,57,62,67,63,54,33,31,27,-9,0,-163,-160,-169,-169,-168,-168,-168,-149,-144,-126]} 1. d4 Nf6 2. c4 e6 3. Nc3 Bb4 4. f3 O-O 5. e4 d5 6. e5 {E20: Nimzo-Indian: 4 g3 and 4 f3} Nfd7 7. a3 (7. cxd5 exd5 8. a3 Bxc3+ 9. bxc3 f6 10. exf6 Qe8+ 11. Qe2 Qf7 12. fxg7 Re8 13. Be3 Nc6 {1-0 (44) Mamedyarov,S (2757)-Aronian,L (2830) Khanty-Mansiysk 2014}) 7... Bxc3+ $1 8. bxc3 {The position is equal.} dxc4 9. Bxc4 (9. f4 $11) 9... Nxe5 $1 $17 10. Bxe6 (10. Ba2 $17 Ng6 11. Ne2) 10... Nxf3+ $146 ({Don't do} 10... fxe6 11. dxe5 Qxd1+ 12. Kxd1 $17) (10... Bxe6 $19 {is more deadly.} 11. dxe5 Qh4+ 12. g3 Qc4) ({Predecessor:} 10... Bxe6 11. dxe5 Qh4+ 12. g3 Qe7 13. Ne2 Bc4 14. Qd4 Bxe2 15. Kxe2 Nc6 16. Qe3 Rae8 17. f4 f6 18. exf6 Qxf6 {0-1 (18) Amir,J (1311)-Laliga,J (2051) IECG email 2004}) 11. Nxf3 {aiming for Bc4.} Bxe6 12. O-O Nc6 13. Ng5 Bc4 14. Qc2 {[%csl Gg5][%cal Rc2h7]} g6 15. Rf2 (15. Re1 $1 $15) 15... Ne7 (15... Qd5 $17 16. Nf3 Rfe8) 16. Ne4 $15 {Nf6+ is the strong threat.} Nd5 $1 17. Bg5 f6 18. Nd2 {White wants to play Bh6.} Ba6 19. Bh6 Rf7 20. Re1 Qd7 ({Black should try} 20... Re7 $17 21. Re4 f5 22. Rxe7 Qxe7) 21. Ne4 (21. c4 $11 {remains equal.} Nb6 22. Qd3) 21... Bc4 {Hoping for ...Re7.} 22. Nd2 Ba6 23. Ne4 f5 (23... Re8 $17 {White must now prevent ...f5.} 24. c4 Bxc4 $1 {[%mdl 512]} 25. Qxc4 f5) 24. Nc5 $11 Re8 (24... Re7 $11 25. Rfe2 Rxe2 26. Rxe2 Qb5 27. Nxa6 Qxa6) 25. Rfe2 $1 $14 {[%cal Re2e8]} Rxe2 26. Rxe2 Qd8 27. Nxa6 bxa6 28. Re5 c6 29. Qe2 {White threatens Re8+ and mate.} Re7 30. c4 $2 {[#]} (30. h3 $11) 30... Nc3 $1 $36 {[%mdl 2112] Discovered Attack. Black is clearly better. Black has strong initiative.} 31. Qe3 {[#]} Rxe5 $1 32. Qxe5 {[%csl Gh6][%cal Re5g7]} Kf7 {Played: Qd8xd4} 0-1

[Event "84th ESP-ch 2019"]
[Site "Marbella"]
[Date "2019.11.17"]
[Round "2.34"]
[White "Alvarez Fernandez, Enrique"]
[Black "Sanchez Elena, Lucia"]
[Result "1-0"]
[WhiteElo "2349"]
[BlackElo "1662"]
[Annotator "TA"]
[PlyCount "29"]
[EventDate "2019.11.16"]
[EventType "swiss"]
[EventCountry "ESP"]
[SourceTitle "playchess.com"]
[Source "ChessBase"]
[SourceQuality "1"]

{[%evp 14,75,57,55,139,148,145,67,69,54,77,74,186,115,172,188,215,167,169,178,162,152,144,144,152,162,141,142,217,227,225,134,147,135,142,132,166,161,191,206,219,204,516,512,683,671,785,629,620,618,612,606,643,641,821,789,972,972,956,952,934,926,897,896]} 1. d4 Nf6 2. Nf3 e6 3. c4 b6 4. g3 Bb7 5. Bg2 Be7 6. O-O O-O 7. Nc3 d6 8. d5 c6 {E18: Queen's Indian: Old Main Line (4 g3 Bb7 5 Bg2 Be7 6 0-0 0-0 7 Nc3)} (8... e5 $14) 9. dxe6 $16 fxe6 10. Ng5 $146 (10. Nd4 $16) ({Predecessor:} 10. Nd4 Bc8 11. Nxc6 Nxc6 12. Bxc6 Ba6 13. Qa4 Rc8 14. b3 d5 15. Rd1 Bc5 16. cxd5 Bxf2+ {1-0 (28) Benidze,D (2450)-Larmuseau,M (2160) Kemer 2009}) 10... Bc8 $1 $14 {White is slightly better.} 11. Bh3 Ng4 12. Nce4 e5 {[#]} (12... h6 $16) 13. f3 $36 {[%mdl 2048] White is on the roll.} ({Better is} 13. Qd3 $1 $18 {Black must now prevent Bxg4.} h6 14. Bxg4 hxg5 15. Bxc8 Qxc8 16. Bxg5 (16. Nxd6 Qe6 $16) 16... Bxg5 17. Nxg5) 13... Nh6 (13... Nf6 $16 {keeps fighting.}) 14. Be6+ $18 Kh8 15. Qd3 {Played: Be6xc8} 1-0

[Event "84th ESP-ch 2019"]
[Site "Marbella"]
[Date "2019.11.17"]
[Round "2.35"]
[White "Silva Lucena, Cristian"]
[Black "Guerra Rivera, Salvador"]
[Result "1-0"]
[WhiteElo "2244"]
[BlackElo "2334"]
[Annotator "TA"]
[PlyCount "81"]
[EventDate "2019.11.16"]
[EventType "swiss"]
[EventCountry "ESP"]
[SourceTitle "playchess.com"]
[Source "ChessBase"]
[SourceQuality "1"]

{[%evp 14,81,52,42,65,61,280,286,264,237,298,286,329,296,293,297,297,238,428,420,408,408,442,420,495,365,394,254,341,325,312,214,215,212,209,223,223,223,223,223,227,223,494,478,512,512,508,487,578,474,490,485,485,477,477,441,712,715,985,984,1396,1347,4910,1824,29987,1075,4906,1810,1317,1310]} 1. e4 e6 2. d4 d5 3. e5 c5 4. c3 Nc6 5. Nf3 cxd4 6. cxd4 Bb4+ 7. Nc3 Nge7 8. a3 Ba5 {C02: French: Advance Variation} (8... Bxc3+ 9. bxc3 Bd7 10. Bd3 Rc8 11. Bd2 O-O 12. O-O f6 13. exf6 Rxf6 14. Bg5 Rf7 15. Bb5 h6 16. Bh4 g5 17. Bg3 Ng6 18. Rb1 a6 19. Bd3 Rf6 20. Ne5 Ngxe5 21. dxe5 Rf8 22. Qh5 Kg7 23. Qg6+ {1-0 (23) Perez Canete,D (1406)-Perez Canete,I (1622) Asuncion 2019}) 9. b4 Nxb4 $2 {[#]} (9... Bb6 $14) 10. axb4 $18 Bxb4 {White has a decisive advantage.} 11. Bd2 $146 ({Predecessor:} 11. Qa4+ Nc6 12. Bd2 Bd7 13. Bb5 a5 14. O-O O-O 15. Ne2 Bxd2 16. Nxd2 {1-0 (60) Hammermeister,U-Daebel,H Recklinghausen 1999}) 11... Nc6 12. Bd3 Qb6 13. Ne2 a5 14. O-O Bd7 15. Be3 f6 $2 (15... Be7 {might work better.} 16. Nc3 Nb4) 16. exf6 gxf6 17. Qb1 O-O-O 18. Bd2 e5 19. Bxb4 Qxb4 20. Bf5 e4 21. Bxd7+ Rxd7 22. Qxb4 Nxb4 23. Nh4 ({Weaker is} 23. Rxa5 exf3 24. Nf4 (24. gxf3 Rg8+ 25. Kh1 Kb8 $14) 24... Na6 $14) 23... b6 24. Nf5 Rg8 25. Nf4 Rg5 26. Ne3 Kb7 27. g3 h5 $2 (27... Rg8 28. Nh5 Rd6) 28. h4 Rgg7 29. Nxh5 Rgf7 30. Nf4 Nc6 31. Rfd1 Ne7 32. Rdb1 Ka6 33. h5 f5 34. Rc1 b5 (34... Rf6 $142 35. f3 Kb7) 35. Rc5 Rb7 36. Ne6 Rh7 37. Nc7+ {[%mdl 64] Double Attack} Kb6 38. Nxb5 (38. Nexd5+ $142 Nxd5 39. Nxd5+ Ka7 40. Rxa5+ Kb8 41. Nb4) 38... Rxh5 {[#]} 39. Nc3 (39. Nd6 $142 $1 Ka7 40. Nxd5 Kb8 41. Nxb7 Nxd5 42. Nd6 Rh7 43. Rc8+ Ka7 44. Rxa5+ {[%mdl 64] Double Attack} Kb6 45. Rb5+ Ka7 46. Rxd5) 39... Nc6 40. Ncxd5+ (40. Nexd5+ $142 Ka7 41. Rxc6) 40... Ka7 41. Rxc6 {Accuracy: White = 55%, Black = 20%.} 1-0

[Event "84th ESP-ch 2019"]
[Site "Marbella"]
[Date "2019.11.17"]
[Round "2.36"]
[White "Diaz Mino, Pablo"]
[Black "Malia Ramirez, Jose"]
[Result "1-0"]
[WhiteElo "2135"]
[BlackElo "1835"]
[Annotator "NA RC"]
[PlyCount "67"]
[EventDate "2019.11.16"]
[EventType "swiss"]
[EventCountry "ESP"]
[SourceTitle "playchess.com"]
[Source "ChessBase"]
[SourceQuality "1"]
[TimeControl "5400+30"]

1. d4 {[%emt 0:00:00]} d6 {[%emt 0:01:02]} 2. c4 {[%emt 0:00:00]} e5 {[%emt 0:00:14]} 3. d5 {[%emt 0:00:00]} Be7 {[%emt 0:00:43]} 4. Nc3 {[%emt 0:00:38]} Bg5 {[%emt 0:00:37]} 5. e3 {[%emt 0:00:05]} f5 {[%emt 0:01:02]} 6. Nf3 {[%emt 0:03:00] A41: 1 d4 d6: Tartakower System and Modern Defence} Bh6 {[%emt 0:00:35]} 7. Qa4+ $146 {[%emt 0:03:44]} ({Predecessor:} 7. e4 Bxc1 8. Rxc1 fxe4 9. Nxe4 Nf6 10. Nfd2 O-O 11. Bd3 Bf5 {½-½ (60) Flear,G (2455)-Cornette,M (2606) Espalion 2017}) 7... Bd7 {[%emt 0:01:54]} 8. Qb3 {[%emt 0:04:10]} Na6 {[%emt 0:02:38]} 9. Qxb7 {[%emt 0:00:27]} Nc5 {[%emt 0:00:04]} 10. Qb4 {[%emt 0:00:05]} e4 {[%emt 0:04:29]} 11. Nd4 {[%emt 0:01:52]} Nf6 {[%emt 0:00:42]} 12. Qa5 {[%emt 0:01:51]} O-O {[%emt 0:01:41]} 13. b4 {[%emt 0:01:39]} Nd3+ {[%emt 0:01:59]} 14. Bxd3 {[%emt 0:00:14]} exd3 {[%emt 0:00:05]} 15. Ncb5 {[%emt 0:12:40]} Bxb5 {[%emt 0:08:00]} 16. Nxb5 $19 {[%emt 0:05:46]} (16. Ne6 $1 $11 {and White is okay.} Qe8 17. Qxb5 Qxb5 18. cxb5) 16... Ne4 {[%emt 0:03:55]} 17. Qa3 {[%emt 0:26:39]} d2+ {[%emt 0:11:02]} 18. Bxd2 {[%emt 0:00:06]} Nxd2 {[%emt 0:00:03]} 19. Kxd2 {[%emt 0:00:06]} Qh4 {[%emt 0:00:02]} 20. g3 {[%emt 0:10:01]} Qxc4 {[%emt 0:00:36]} 21. Qd3 {[%emt 0:02:57]} Qxb4+ {[%emt 0:00:07]} 22. Ke2 {[%emt 0:05:21]} Qg4+ {[%emt 0:13:01]} 23. f3 {[%emt 0:00:43]} Qh3 {[%emt 0:00:19]} 24. Kf2 {[%emt 0:01:11]} Rae8 {[%emt 0:00:48]} 25. Rae1 {[%emt 0:00:33]} f4 {[%emt 0:09:14]} 26. e4 {[%emt 0:00:04]} Rf7 {[%emt 0:10:14]} 27. Nxa7 {[%emt 0:04:02]} Ref8 {[%emt 0:06:54]} 28. g4 {[%emt 0:02:04]} Bg5 {[%emt 0:01:56]} 29. Reg1 {[%emt 0:00:17]} Bh4+ {[%emt 0:02:22]} 30. Ke2 {[%emt 0:00:08]} Ra8 {[%emt 0:00:04]} 31. Qb3 {[%emt 0:00:24]} Raf8 {[%emt 0:04:37]} 32. Nc6 {[%emt 0:01:22]} h5 {[%emt 0:01:43]} 33. gxh5 {[%emt 0:06:28]} Qc8 {[%emt 0:00:35]} 34. a4 {[%emt 0:00:31]} 1-0

[Event "84th ESP-ch 2019"]
[Site "Marbella"]
[Date "2019.11.17"]
[Round "2.37"]
[White "Guerra Rivera, Salvador"]
[Black "Maceira Moya, Nery"]
[Result "1-0"]
[WhiteElo "2334"]
[BlackElo "1773"]
[Annotator "TA"]
[PlyCount "63"]
[EventDate "2019.11.16"]
[EventType "swiss"]
[EventCountry "ESP"]
[SourceTitle "playchess.com"]
[Source "ChessBase"]
[SourceQuality "1"]

{[%evp 11,63,25,69,75,86,87,89,75,85,75,60,66,72,72,63,64,70,53,60,63,56,56,81,81,156,157,164,162,264,260,437,270,266,250,347,339,360,365,331,319,360,356,463,465,491,481,775,766,737,665,1132,1147,5606,5605]} 1. e4 c5 2. Nf3 d6 3. d4 cxd4 4. Nxd4 Nf6 5. Nc3 a6 6. Bg5 e5 7. Nf5 {B94: Sicilian Najdorf: 6 Bg5 Nbd7} h6 (7... Be6 8. Ne3 Nbd7 9. Ned5 Rc8 10. Be2 h6 11. Bxf6 Nxf6 12. Nxf6+ Qxf6 13. O-O g6 14. Nd5 Qd8 {0-1 (36) Nepomniachtchi,I (2587)-Nakamura,H (2651) playchess.com INT 2007}) 8. Bxf6 $1 Qxf6 9. Ne3 {White is better.} Be6 10. Ncd5 Qd8 11. Bc4 $146 ({Predecessor:} 11. Be2 Nd7 12. O-O Nf6 13. Nxf6+ Qxf6 14. Bc4 Bxc4 15. Nxc4 {1-0 (42) Bonev,T (2284)-Petrov,S (2042) Sunny Beach 2013}) 11... Nd7 12. a4 Rc8 13. a5 Be7 14. O-O Bg5 {[#] ...Bxe3 is the strong threat.} 15. Qe2 O-O 16. Rfd1 Bxe3 17. Nxe3 Bxc4 (17... Rc6 $142) 18. Nxc4 $16 Qc7 19. Nxd6 Qxc2 (19... Rcd8 $142 20. Qc4 Qxc4 21. Nxc4 Nc5) 20. Rd2 $18 Qc6 $2 (20... Qc7 {was necessary.} 21. Nxc8 Rxc8) 21. Nxc8 Rxc8 22. Rd3 {Threatens to win with Rc3.} Nf6 23. Rc3 Qe6 24. Rxc8+ Qxc8 {[%mdl 4096] Endgame KQR-KQN} 25. Qd3 Qc5 26. h3 Qb4 27. f3 {White is clearly winning.} Nh5 28. Qc3 Qd6 (28... Qe7 $142 29. Qc8+ Kh7) 29. Qc8+ {[%mdl 64] [#] Double Attack} Kh7 30. Qf5+ {[%mdl 64] Double Attack} g6 31. Qxf7+ {[%mdl 64] Double Attack} Kh8 32. Rc1 {Accuracy: White = 93%, Black = 46%.} 1-0